000 00308nam a22001217a 4500
008 181126b xxu||||| |||| 00| 0 eng d
041 _aeng
080 _a043.3
100 _a0
101 _aBTH-MBE
245 _aReformat e Sistemit Tatimor te Kosoves ne Periudhen e pas luftes
_cBinaku, A
942 _2udc
_cBK
999 _c52538
_d52538